مكتبة جامعة عجلون الوطنية

فهرس بحث المكتبة

Normal view MARC view
  • اساليب البحث-مناهج البحث-القانون-البحث العلمي

Entry Topical Term

Number of records used in: 1

001 - CONTROL NUMBER

  • control field: 62796

003 - CONTROL NUMBER IDENTIFIER

  • control field: JO-AjAnu

005 - DATE AND TIME OF LATEST TRANSACTION

  • control field: 20230606084244.0

008 - FIXED-LENGTH DATA ELEMENTS

  • fixed length control field: 230606|| aca||aabn | a|a d

040 ## - CATALOGING SOURCE

  • Original cataloging agency: JO-AjAnu
  • Transcribing agency: JO-AjAnu

150 ## - HEADING--TOPICAL TERM

  • Topical term or geographic name entry element: اساليب البحث-مناهج البحث-القانون-البحث العلمي

670 ## - SOURCE DATA FOUND

  • Source citation: Work cat.: (JO-AjAnu)32020: العلي، عادل فليح، م.مشارك محمد براء باسل ابو عنزه, author 62795, أساليب البحث العلمي القانوني: الجوانب النظرية والعملية والتطبيقية